| 000 | 00806nam a2200133Ia 4500 | ||
|---|---|---|---|
| 008 | 220620s9999||||xx |||||||||||||| ||und|| | ||
| 100 | _aMaier, Heiner||Jeune, Bernard||Vaupel, James W. | ||
| 245 | 0 | _aExceptional Lifespans | |
| 546 | _aEnglish[eng] | ||
| 650 | _aDemography||Aging||Internal Medicine||Aging Population||Ageing||Population and Demography||Supercentenarians||Longevity||Oldest-old||Mortality||Age validation||open access||Max Planck Institute for Demographic Research||International Database on Longevity IDL||Population & demography||Age groups: the elderly||Age groups: adults||Clinical & internal medicine | ||
| 700 | _aMaier, Heiner||Jeune, Bernard||Vaupel, James W. | ||
| 856 | _uhttps://library.oapen.org/bitstream/20.500.12657/43277/1/2021_Book_ExceptionalLifespans.pdf | ||
| 942 | _cEB | ||
| 999 |
_c28487 _d28487 |
||